000 00318nam a22001097a 4500
008 230918b |||||||| |||| 00| 0 eng d
040 _aNational Science Library
_cNational Science Library
245 _aFAI abstract service
260 _aNew Delhi:
_bFertiliser Association of India
310 _aMonthly
942 _cCR
999 _c61099
_d61099